Опытно-экспериментальная деятельность образовательных учреждений как фактор развития региональной системы образования (Запись № 1216401)

Подробности
000 -МАРКЕР
контрольное поле 02346nam1a2200349 i 4500
001 - ИДЕНТИФИКАТОР ЗАПИСИ
контрольное поле RU\NLR\bibl\1408015
005 - ИДЕНТИФИКАТОР ВЕРСИИ
контрольное поле 20260407204054.0
035 ## - ДРУГИЕ СИСТЕМНЫЕ НОМЕРА
Идентификатор записи (NLR Aleph) 001400008
100 ## - ДАННЫЕ ОБЩЕЙ ОБРАБОТКИ
Данные общей обработки 20090904g20089999k y0rusy50 ca
101 0# - ЯЗЫК РЕСУРСА
Язык текста, звукозаписи и т.д. русский
102 ## - СТРАНА ПУБЛИКАЦИИ ИЛИ ПРОИЗВОДСТВА
Страна публикации Российская Федерация
105 ## - ПОЛЕ КОДИРОВАННЫХ ДАННЫХ: ТЕКСТОВЫЕ МАТЕРИАЛЫ, МОНОГРАФИЧЕСКИЕ
Кодированные данные о монографическом текстовом документе ||||z |||||
200 1# - ЗАГЛАВИЕ И СВЕДЕНИЯ ОБ ОТВЕТСТВЕННОСТИ
Основное заглавие Опытно-экспериментальная деятельность образовательных учреждений как фактор развития региональной системы образования
Сведения, относящиеся к заглавию сборник материалов III Областной научно-практической конференции, 13 марта 2008
-- [тезисы докладов
-- в 2 ч.
Первые сведения об ответственности редкол.: Горбунова Т.С., к.п.н. и др.]
210 ## - ПУБЛИКАЦИЯ, РАСПРОСТРАНЕНИЕ И ДР.
Место издания, распространения и т.д. Омск
Имя издателя, распространителя и т. д. БОУДПО "ИРООО"
Дата издания, распространения и т.д. 2008
215 ## - ФИЗИЧЕСКАЯ ХАРАКТЕРИСТИКА
Размеры 21
300 ## - ОБЩИЕ ПРИМЕЧАНИЯ
Текст примечания В надзаг.: М-во образования Омск. обл., Бюждет. образоват. учреждение Омск. обл. доп. проф. образования "Ин-т развития образования Омск. обл."
463 #0 - УРОВЕНЬ ФИЗИЧЕСКОЙ ЕДИНИЦЫ
Встроенное поле 0011395583
463 #0 - УРОВЕНЬ ФИЗИЧЕСКОЙ ЕДИНИЦЫ
Встроенное поле 0011398409
606 1# - НАИМЕНОВАНИЕ ТЕМЫ КАК ПРЕДМЕТ
Наименование темы Инновации педагогические
Формальный подзаголовок Тезисы докладов
Географический подзаголовок Омская область
Системный номер авторитетной/нормативной записи 2530413
Идентификатор авторитетной/нормативной записи RU\NLR\auth\661498837
606 1# - НАИМЕНОВАНИЕ ТЕМЫ КАК ПРЕДМЕТ
Наименование темы Образование
Формальный подзаголовок Тезисы докладов
Тематический подзаголовок Интеграция
Географический подзаголовок Омская область
Системный номер авторитетной/нормативной записи 2530419
Идентификатор авторитетной/нормативной записи RU\NLR\auth\661498839
606 1# - НАИМЕНОВАНИЕ ТЕМЫ КАК ПРЕДМЕТ
Наименование темы Валеология в образовании
Формальный подзаголовок Тезисы докладов
Географический подзаголовок Омская область
Системный номер авторитетной/нормативной записи 2617459
Идентификатор авторитетной/нормативной записи RU\NLR\auth\661554019
686 ## - ИНДЕКСЫ ДРУГИХ КЛАССИФИКАЦИЙ
Индекс Ч34(2Р-4Ом)я431
686 ## - ИНДЕКСЫ ДРУГИХ КЛАССИФИКАЦИЙ
Индекс Ч312я431
686 ## - ИНДЕКСЫ ДРУГИХ КЛАССИФИКАЦИЙ
Индекс Ч313.54я431
702 #1 - ИМЯ ЛИЦА - ВТОРИЧНАЯ ОТВЕТСТВЕННОСТЬ
Начальный элемент ввода Горбунова
Часть имени, кроме начального элемента ввода Т. С.
Расширение инициалов личного имени Татьяна Станиславовна
Код отношения Редактор
711 12 - НАИМЕНОВАНИЕ ОРГАНИЗАЦИИ - АЛЬТЕРНАТИВНАЯ ОТВЕТСТВЕННОСТЬ
Начальный элемент ввода Опытно-экспериментальная деятельность образовательных учреждений как фактор развития региональной системы образования, областная научно-практическая конференция
Порядковый номер временной организации и / или порядковый номер ее части 3
Место проведения временной организации Омск
Дата проведения временной организации 2008
Системный номер авторитетной/нормативной записи 767983
Идентификатор авторитетной/нормативной записи RU\NLR\AUTH\8810136068
801 #0 - ИСТОЧНИК ЗАПИСИ
Страна Российская Федерация
Организация NLR
Дата составления 20090904
Правила каталогизации RCR
801 #1 - ИСТОЧНИК ЗАПИСИ
Страна Российская Федерация
Организация NLR
Дата составления 20090904
852 ## - МЕСТОНАХОЖДЕНИЕ И ШИФР ХРАНЕНИЯ
Идентификатор организации NLR
Шифр хранения (Call Number) 2009-3/23723
942 ## - ДОПОЛНИТЕЛЬНЫЕ ЭЛЕМЕНТЫ ЗАПИСИ (АБИС)
Тип экземпляра АБИС Книга

Нет доступных экземпляров.